MAASAI MARA UNIVERSITY

LIBRARY CATALOGUE

Contact Us: +254 020 2685356/7 or 0774 057787

Box: 861-20500, NAROK, KENYA

Email: info@mmarau.ac.ke

End note 8 bibliographies made easy / (Record no. 19644)

MARC details
000 -LEADER
fixed length control field 00684nam a22002177a 4500
001 - CONTROL NUMBER
control field 4675532
003 - CONTROL NUMBER IDENTIFIER
control field OSt
005 - DATE AND TIME OF LATEST TRANSACTION
control field 20211202022038.0
008 - FIXED-LENGTH DATA ELEMENTS--GENERAL INFORMATION
fixed length control field 161028b xxu||||| |||| 00| 0 eng d
010 ## - LIBRARY OF CONGRESS CONTROL NUMBER
LC control number 80510062
020 ## - INTERNATIONAL STANDARD BOOK NUMBER
International Standard Book Number 9513808270 (pbk.)
040 ## - CATALOGING SOURCE
Original cataloging agency MMU
Transcribing agency MMU
Modifying agency MMU
Language of cataloging eng
050 00 - LIBRARY OF CONGRESS CALL NUMBER
Classification number Z699.22
Item number .E5B535 2004
245 00 - TITLE STATEMENT
Title End note 8 bibliographies made easy /
260 ## - PUBLICATION, DISTRIBUTION, ETC. (IMPRINT)
Place of publication, distribution, etc. Espoo :
Name of publisher, distributor, etc. Valtion teknillinen tutkimuskeskus ;
Place of publication, distribution, etc. [Helsinki] :
Name of publisher, distributor, etc. [Valtion painatuskeskus, jakaja],
Date of publication, distribution, etc. 1979.
300 ## - PHYSICAL DESCRIPTION
Extent xvi, 586 p. :
Dimensions ill. ;
500 ## - GENERAL NOTE
General note Includes index
650 #0 - SUBJECT ADDED ENTRY--TOPICAL TERM
Topical term or geographic name as entry element Bibliography
General subdivision Databases
-- Directories.
650 #0 - SUBJECT ADDED ENTRY--TOPICAL TERM
Topical term or geographic name as entry element Online bibliographic searching.
942 ## - ADDED ENTRY ELEMENTS (KOHA)
Source of classification or shelving scheme Library of Congress Classification
Koha item type L
Holdings
Withdrawn status Lost status Source of classification or shelving scheme Damaged status Not for loan Home library Current library Date acquired Source of acquisition Total Checkouts Full call number Barcode Date last seen Price effective from Koha item type
    Library of Congress Classification     Maasai Mara University Library -Main Campus Maasai Mara University Library -Main Campus 10/28/2016 Donation -T4C   Z699.22 .E5B535 2004 17023038 10/28/2016 10/28/2016 L
© 2016 Maasai Mara University.